Multinucleated tumor cells and malignant melanoma

Podrobná bibliografia
Hlavní autori: Munzarová, Marta, 1941- (Autor), Mechl, Zdeněk (Autor), Rejthar, Aleš, 1938-2015 (Autor), Kolcová, V. (Autor)
Médium: Článok
Jazyk:angličtina
Fyzický popis:Lit. 34 zázn. v angl.
Predmet:

MARC

LEADER 00000nab a2200000 a 4500
001 vtls000409172
003 SK-MaSNL
005 20260318140907.0
008 230223c1990 xo 0 eng
015 |a SNBRB19rr/mm-uuuuu 
035 |a CL0409296 
035 |a urn:nbn:sk:snk-ab6yph 
035 |a (uuid)e1bbfa15-e2c9-4225-a209-2ba8a9277e7e 
035 |a (urnnbn)urn:nbn:sk:snk:ar-a06bcv 
035 |a (sysno)vtls000409172 
040 |a SNKBUCL  |b slo  |c SNKBUCL  |e AACR2 
041 0 |a eng 
044 |a xo  |c SK 
080 |a 616-006.8  |2 1981 
245 0 0 |a Multinucleated tumor cells and malignant melanoma  |c M. Munzarová ... [et al.] 
300 |b Lit. 34 zázn. v angl. 
650 0 7 |a melanómy  |2 snkbucl  |9 50845 
650 0 7 |a bunky nádorové mnohojadrové  |2 snkbucl  |9 1181854 
655 7 |a články z novín a časopisov  |2 snkbucl  |9 267496 
700 1 |a Munzarová, Marta,  |d 1941-  |4 aut  |9 109358 
700 1 |a Mechl, Zdeněk  |4 aut  |9 815187 
700 1 |a Rejthar, Aleš,  |d 1938-2015  |4 aut  |9 199105 
700 1 |a Kolcová, V.  |4 aut  |9 1181855 
773 0 |t Neoplasma  |g Roč. 37, č. 6 (1990), s. 711-716 
850 |a Slovenská národná knižnica v Martine  |a MTA001 
852 |a SNK  |b KIS3GCP 
958 |a RK 
958 |a ME 
958 |a NB 
958 |a OND 
958 |a EUIPO 
958 |a article27 
992 |a RBX 
999 |c 2046993  |d 2048923